Neither left nor right: sandinismo in the anti-feminist era /

সংরক্ষণ করুন:
গ্রন্থ-পঞ্জীর বিবরন
প্রধান লেখক: Kampwirth, Karen
বিন্যাস: পাঠ‍্য
ট্যাগগুলো: ট্যাগ যুক্ত করুন
কোনো ট্যাগ নেই, প্রথমজন হিসাবে ট্যাগ করুন!

MARC

LEADER 00000 a a2200000 04500
001 10081
003
040
100 |a Kampwirth, Karen  
245 |a Neither left nor right: sandinismo in the anti-feminist era /  |c Karen Kampwirth 
773 |g volumen 41, número 1; páginas 30-34  
999 |c 38538  |d 38538